000
00252nam a2200109Ia 4500
008
190216s9999||||xx |||||||||||||| ||und||
100
_a
Johar G S
245
0
_a
Objective Chemistry
260
_b
Kumar Publications
_c
1997
300
_a
212p
942
_c
REF
999
_c
36399
_d
36399